Common error in English/ (Record no. 167631)
[ view plain ]
| 000 -LEADER | |
|---|---|
| fixed length control field | 00624nam a22002057a 4500 |
| 005 - DATE AND TIME OF LATEST TRANSACTION | |
| control field | 20190914155038.0 |
| 010 ## - LCCN (DPL NO) | |
| LC control number | B-218717 |
| 020 ## - INTERNATIONAL STANDARD BOOK NUMBER | |
| Terms of availability | 0.00 |
| International Standard Book Number | 8189093916 |
| 035 ## - SYSTEM CONTROL NUMBER | |
| System control number | B-218710 B-218720, B-218712, B-218717 |
| 037 ## - SOURCE OF ACQUISITION | |
| Source of stock number/acquisition | BPPD/PUB |
| 082 ## - DEWEY DECIMAL CLASSIFICATION NUMBER | |
| Classification number | 485 |
| Item number | THO |
| 100 ## - MAIN ENTRY--PERSONAL NAME | |
| Personal name | Thomas, M |
| 245 ## - TITLE STATEMENT | |
| Title | Common error in English/ |
| Statement of responsibility, etc | by M. Thomas |
| 260 ## - PUBLICATION, DISTRIBUTION, ETC. (IMPRINT) | |
| Place of publication, distribution, etc | New Delhi |
| Name of publisher, distributor, etc | Lotus press |
| Date of publication, distribution, etc | 2007 |
| 270 ## - ADDRESS | |
| Address | 4263/3, Ansari road, Daryaganj |
| City | New delhi |
| Postal code | 110002 |
| 300 ## - PHYSICAL DESCRIPTION | |
| Extent | 251 p |
| Dimensions | 23 cm (Pbk) |
| Other physical details | ill. |
| 650 ## - SUBJECT ADDED ENTRY--TOPICAL TERM | |
| Topical term or geographic name as entry element | ENGLISH |
| 942 ## - ADDED ENTRY ELEMENTS (KOHA) | |
| Institution code [OBSOLETE] | dpl |
| Item type | English Books |
| Call number prefix | 485 THO |
| Source of classification or shelving scheme | Dewey Decimal Classification |
| Classification part | 485 |
| Call number suffix | THO |
| Withdrawn status | Lost status | Not for loan | Collection code | Home library | Current library | Date acquired | Full call number | Barcode | Koha item type |
|---|---|---|---|---|---|---|---|---|---|
| Fiction | R.C.Libraries (zls) | R.C.Libraries (zls) | 14/09/2019 | 485 THO | B-218717 | English Books |
